[Event "Poronin Tatra Limba op-B"]
[Site "Poronin"]
[Date "2021.05.26"]
[Round "7.20"]
[White "Maciejewski, Robert"]
[Black "Socko, Weronika"]
[Result "0-1"]
[WhiteElo "1311"]
[BlackElo "1747"]
[PlyCount "82"]
[EventDate "2021.05.22"]
[EventType "swiss"]
[EventRounds "9"]
[EventCountry "POL"]
[SourceTitle "EXT 2022"]
[Source "ChessBase"]
[SourceDate "2021.10.06"]
[SourceVersion "1"]
[SourceVersionDate "2021.10.06"]
[SourceQuality "1"]

1. Nf3 d5 2. g3 Nf6 3. Bg2 g6 4. b3 Bg7 5. Bb2 0-0 6. c4 e6 7. 0-0 c5 8. cxd5 exd5 9. d4 Ne4 10. Nbd2 Nc6 11. e3 Re8 12. Qc1 Nb4 13. a3 Nd3 14. Qc2 Nxb2 15. Qxb2 Qb6 16. Rab1 Bf5 17. Nxe4 Bxe4 18. Rbd1 c4 19. Ne1 Rac8 20. Bxe4 dxe4 21. Rb1 c3 22. Qa2 Qe6 23. Nc2 Bf8 24. Ra1 Rc6 25. b4 Qg4 26. Rfe1 h5 27. Qb1 Rf6 28. Qd1 Qg5 29. Qe2 Bd6 30. h4 Qf5 31. Kg2 Qd5 32. Reb1 Rf3 33. Qe1 Qf5 34. Qe2 Qg4 35. Qe1 Re6 36. d5 Ref6 37. Nd4 Rxf2+ 38. Qxf2 Rxf2+ 39. Kxf2 Qxg3+ 40. Ke2 Qg2+ 41. Kd1 Qd2# 0-1

[Event "Poronin Tatra Limba op-B"]
[Site "Poronin"]
[Date "2021.05.25"]
[Round "5.21"]
[White "Kawulski Chodkiewicz, Alexander"]
[Black "Socko, Weronika"]
[Result "1/2-1/2"]
[WhiteElo "1216"]
[BlackElo "1747"]
[PlyCount "71"]
[EventDate "2021.05.22"]
[EventType "swiss"]
[EventRounds "9"]
[EventCountry "POL"]
[SourceTitle "EXT 2022"]
[Source "ChessBase"]
[SourceDate "2021.10.06"]
[SourceVersion "1"]
[SourceVersionDate "2021.10.06"]
[SourceQuality "1"]

1. e4 c6 2. d4 d5 3. Nc3 dxe4 4. Nxe4 Bf5 5. Ng3 Bg6 6. h4 h6 7. Nf3 Nd7 8. h5 Bh7 9. Bd3 Bxd3 10. Qxd3 Ngf6 11. Bf4 Qa5+ 12. Bd2 Qc7 13. 0-0-0 e6 14. Kb1 c5 15. Qe2 Be7 16. dxc5 0-0 17. Bc3 Nxc5 18. Be5 Qb6 19. Nd4 a6 20. Nb3 Nxb3 21. axb3 Qc6 22. f4 Rac8 23. Bxf6 Bxf6 24. Ne4 Be7 25. g4 f5 26. Nc3 Bf6 27. Rh3 b5 28. Rhd3 b4 29. Rd6 Qc7 30. Na4 Kh8 31. Rd7 Qxf4 32. Qxa6 Qe4 33. R7d2 fxg4 34. Qe2 Qf5 35. Nb6 Rcd8 36. Na4 1/2-1/2

[Event "Poronin Tatra Limba op-B"]
[Site "Poronin"]
[Date "2021.05.22"]
[Round "1.1"]
[White "Nocek, Dominik"]
[Black "Socko, Weronika"]
[Result "1/2-1/2"]
[WhiteElo "1310"]
[BlackElo "1747"]
[PlyCount "81"]
[EventDate "2021.05.22"]
[EventType "swiss"]
[EventRounds "9"]
[EventCountry "POL"]
[SourceTitle "EXT 2022"]
[Source "ChessBase"]
[SourceDate "2021.10.06"]
[SourceVersion "1"]
[SourceVersionDate "2021.10.06"]
[SourceQuality "1"]

1. e4 c6 2. d4 d5 3. exd5 cxd5 4. Nf3 Nc6 5. c3 Nf6 6. Bd3 g6 7. Bg5 Bg7 8. Bxf6 Bxf6 9. 0-0 0-0 10. Re1 Qc7 11. Nbd2 Re8 12. Nf1 Qd6 13. Qd2 Bg4 14. Be2 Bf5 15. Bd3 Bg4 16. Be2 Rad8 17. Rad1 a6 18. h3 Bf5 19. Bd3 Bd7 20. Bb1 b5 21. b4 Bc8 22. Ne3 Bg7 23. Ng4 Bxg4 24. hxg4 e5 25. dxe5 Nxe5 26. Nxe5 Bxe5 27. g3 Qc6 28. Re3 d4 29. cxd4 Rxd4 30. Qe2 Red8 31. Red3 Qf6 32. Kg2 Qc6+ 33. Qf3 Qf6 34. Qxf6 Bxf6 35. Rxd4 Rxd4 36. Rxd4 Bxd4 37. Be4 Bc3 38. a3 Bb2 39. Bb7 Bxa3 40. Bxa6 Bxb4 41. Bxb5 1/2-1/2

[Event "Drienica Saris op"]
[Site "Drienica"]
[Date "2020.08.11"]
[Round "5"]
[White "Hudak, Vasil"]
[Black "Socko, Weronika"]
[Result "1-0"]
[WhiteElo "1984"]
[BlackElo "1741"]
[PlyCount "161"]
[EventDate "2020.08.07"]
[EventType "swiss"]
[EventRounds "9"]
[EventCountry "SVK"]
[SourceTitle "CBM 197 Extra"]
[Source "ChessBase"]
[SourceDate "2020.09.30"]
[SourceVersion "1"]
[SourceVersionDate "2020.09.30"]
[SourceQuality "1"]

1. Nf3 d5 2. g3 c5 3. Bg2 Nc6 4. c4 d4 5. d3 e5 6. 0-0 Nf6 7. e3 Be7 8. exd4 exd4 9. Na3 0-0 10. Re1 a6 11. Nc2 Bd6 12. Rb1 Bg4 13. h3 Bh5 14. g4 Bg6 15. Nh4 Qc7 16. Bg5 Nd7 17. Nf5 Bf4 18. Bxf4 Qxf4 19. Qf3 Qg5 20. h4 Qf6 21. Qh3 h5 22. Bxc6 Bxf5 23. gxf5 bxc6 24. Re4 Rfe8 25. Rbe1 Re5 26. Rxe5 Nxe5 27. Kf1 Ng4 28. Re4 Qxf5 29. Qg3 Qd7 30. b4 Re8 31. Rxe8+ Qxe8 32. bxc5 Qe7 33. Nxd4 Qxc5 34. Qb8+ Kh7 35. Qf4 Kg8 36. Nf5 Qa3 37. Qd4 Nf6 38. Kg2 Qa5 39. Ne7+ Kh7 40. Nxc6 Qxa2 41. Ne5 Qa4 42. Nxf7 Qc6+ 43. f3 Qe8 44. Ng5+ Kh8 45. Qe5 Qc8 46. Nf7+ Kh7 47. Ng5+ Kh8 48. Qa5 Qe8 49. Kf2 Qg6 50. Qd8+ Ng8 51. Ke2 Qf5 52. Qe8 g6 53. Qe4 Qf6 54. d4 a5 55. Qb7 Ne7 56. Qa8+ Kg7 57. Qxa5 Nf5 58. Qc7+ Kg8 59. Qb8+ Kg7 60. Qa7+ Kg8 61. Kd3 Nd6 62. Qh7+ Kf8 63. Qd7 Kg8 64. Qe6+ Qxe6 65. Nxe6 Kf7 66. Ng5+ Ke7 67. f4 Nf5 68. Nf3 Kd6 69. Kd2 Ke6 70. d5+ Kd6 71. Kd3 Kc5 72. Ke4 Kxc4 73. Ne5+ Kc5 74. Nxg6 Nd6+ 75. Ke5 Nf7+ 76. Ke6 Nd8+ 77. Ke7 Nb7 78. f5 Kxd5 79. f6 Nd6 80. f7 Nf5+ 81. Kf6 1-0

[Event "Drienica Saris op"]
[Site "Drienica"]
[Date "2020.08.08"]
[Round "2"]
[White "Socko, Weronika"]
[Black "Magda, Juraj"]
[Result "1/2-1/2"]
[WhiteElo "1741"]
[BlackElo "1261"]
[PlyCount "68"]
[EventDate "2020.08.07"]
[EventType "swiss"]
[EventRounds "9"]
[EventCountry "SVK"]
[SourceTitle "CBM 197 Extra"]
[Source "ChessBase"]
[SourceDate "2020.09.30"]
[SourceVersion "1"]
[SourceVersionDate "2020.09.30"]
[SourceQuality "1"]

1. d4 Nf6 2. c4 g6 3. Nc3 Bg7 4. Nf3 0-0 5. e4 d6 6. Be2 Bg4 7. 0-0 c5 8. Be3 cxd4 9. Nxd4 Bxe2 10. Qxe2 Nc6 11. Rad1 Qd7 12. h3 Qc7 13. f4 Nxd4 14. Bxd4 Rfe8 15. Rf3 e5 16. fxe5 dxe5 17. Bf2 a6 18. Bh4 Qc5+ 19. Kh2 Re6 20. Bxf6 Rxf6 21. Rd7 Qc6 22. Rxf6 Qxd7 23. Rf3 Qd6 24. Qf2 f5 25. c5 Qd4 26. Qc2 Qxc5 27. exf5 Qc7 28. Qb3+ Kh8 29. Nd5 Qd6 30. f6 e4+ 31. Rg3 Bxf6 32. Nxf6 Qxf6 33. Qxb7 Rf8 34. Qxe4 Qxb2 1/2-1/2

[Event "Warsaw YMCA Winter-B 210th"]
[Site "Warsaw"]
[Date "2019.03.19"]
[Round "12"]
[White "Mlynarski, Zbigniew"]
[Black "Socko, Weronika"]
[Result "1-0"]
[WhiteElo "1653"]
[BlackElo "1607"]
[PlyCount "59"]
[EventDate "2019.01.09"]
[EventType "swiss"]
[EventRounds "13"]
[EventCountry "POL"]
[SourceTitle "CBM 189 Extra"]
[Source "ChessBase"]
[SourceDate "2019.05.31"]
[SourceVersion "1"]
[SourceVersionDate "2019.05.31"]
[SourceQuality "1"]

1. e4 c5 2. Nf3 d6 3. d4 cxd4 4. Qxd4 Nc6 5. Bb5 Bd7 6. Bxc6 Bxc6 7. Nc3 Nf6 8. Bg5 e5 9. Qd3 Be7 10. 0-0-0 Qb6 11. Nh4 0-0-0 12. Nf5 Bf8 13. Qh3 Kb8 14. Qh4 Rd7 15. Bxf6 gxf6 16. Nd5 Bxd5 17. Rxd5 h5 18. Rhd1 Bh6+ 19. Kb1 Bg5 20. Qg3 Qb4 21. Qf3 Rc8 22. h4 Rdc7 23. Qb3 Rxc2 24. hxg5 Qxe4 25. Qxb7+ Kxb7 26. Nxd6+ Kb6 27. Nxe4 Re2 28. Rd6+ Ka5 29. R1d5+ Kb4 30. a3+ 1-0

[Event "Warsaw YMCA Winter-B 210th"]
[Site "Warsaw"]
[Date "2019.03.07"]
[Round "10"]
[White "Sieczkowski, Adam"]
[Black "Socko, Weronika"]
[Result "1-0"]
[WhiteElo "1638"]
[BlackElo "1607"]
[PlyCount "103"]
[EventDate "2019.01.09"]
[EventType "swiss"]
[EventRounds "13"]
[EventCountry "POL"]
[SourceTitle "CBM 189 Extra"]
[Source "ChessBase"]
[SourceDate "2019.05.31"]
[SourceVersion "1"]
[SourceVersionDate "2019.05.31"]
[SourceQuality "1"]

1. Nf3 d5 2. c4 c6 3. d4 e6 4. Bf4 Nf6 5. e3 Be7 6. Nc3 0-0 7. cxd5 exd5 8. Bd3 Bg4 9. Qc2 h6 10. Ne5 Be6 11. g4 g5 12. Bg3 Nbd7 13. Bf5 Bxf5 14. Qxf5 Nxe5 15. dxe5 Ne8 16. e6 Ng7 17. exf7+ Rxf7 18. Qg6 Rf6 19. Qc2 Bd6 20. Bxd6 Qxd6 21. 0-0-0 Raf8 22. Ne4 dxe4 23. Rxd6 Rxd6 24. h4 Ne6 25. Qxe4 Rfd8 26. hxg5 Nxg5 27. Qf5 Kg7 28. f4 Rd5 29. fxg5 Rxf5 30. gxh6+ Kf6 31. gxf5 Kxf5 32. h7 Rh8 33. Kc2 Kg6 34. Kd3 Kg7 35. Kd4 Rd8+ 36. Ke5 Kh8 37. Rh2 Re8+ 38. Kf4 Rf8+ 39. Ke4 Re8+ 40. Kf4 Rf8+ 41. Kg5 Re8 42. Rh3 Re4 43. Kf5 Re7 44. e4 Rf7+ 45. Kg6 Rf2 46. e5 Rxb2 47. Rf3 Rg2+ 48. Kf7 Rg7+ 49. Kf8 Rg6 50. Rf6 Rg7 51. e6 Kxh7 52. Rf7 1-0

[Event "Warsaw YMCA Winter-B 210th"]
[Site "Warsaw"]
[Date "2019.02.21"]
[Round "8"]
[White "Prus, Maciej"]
[Black "Socko, Weronika"]
[Result "1-0"]
[WhiteElo "1611"]
[BlackElo "1607"]
[PlyCount "39"]
[EventDate "2019.01.09"]
[EventType "swiss"]
[EventRounds "13"]
[EventCountry "POL"]
[SourceTitle "CBM 189 Extra"]
[Source "ChessBase"]
[SourceDate "2019.05.31"]
[SourceVersion "1"]
[SourceVersionDate "2019.05.31"]
[SourceQuality "1"]

1. e4 c5 2. Nf3 Nc6 3. d4 cxd4 4. Nxd4 e5 5. Nb5 d6 6. N1c3 a6 7. Na3 Nf6 8. Bg5 Be7 9. Bxf6 Bxf6 10. Nc4 Nd4 11. Nd5 b5 12. Nce3 Bg5 13. c3 Bxe3 14. Nxe3 Nc6 15. Qd5 Qc7 16. Rd1 0-0 17. Qxd6 Qb7 18. Nd5 Be6 19. Qxc6 Bxd5 20. Qxd5 1-0

[Event "Warsaw YMCA Winter-B 210th"]
[Site "Warsaw"]
[Date "2019.02.14"]
[Round "6"]
[White "Socko, Weronika"]
[Black "Jarmolowski, Tadeusz"]
[Result "1-0"]
[WhiteElo "1607"]
[BlackElo "1680"]
[PlyCount "71"]
[EventDate "2019.01.09"]
[EventType "swiss"]
[EventRounds "13"]
[EventCountry "POL"]
[SourceTitle "CBM 189 Extra"]
[Source "ChessBase"]
[SourceDate "2019.05.31"]
[SourceVersion "1"]
[SourceVersionDate "2019.05.31"]
[SourceQuality "1"]

1. d4 Nf6 2. Nf3 d5 3. c4 e6 4. Bg5 Be7 5. Nc3 0-0 6. e3 b6 7. Be2 Bb7 8. 0-0 Nbd7 9. Rc1 h6 10. Bf4 Nh5 11. Bg3 Nxg3 12. hxg3 Nf6 13. Ne5 c5 14. cxd5 exd5 15. g4 Rc8 16. Qb3 c4 17. Qc2 a6 18. a4 Re8 19. Qf5 Rc7 20. g5 hxg5 21. Nxf7 Kxf7 22. Bh5+ Kf8 23. Bxe8 Qxe8 24. f4 g4 25. Kf2 Bc8 26. Qe5 Qd7 27. Rh1 Rc6 28. Rh8+ Kf7 29. e4 g3+ 30. Kxg3 Qg4+ 31. Kf2 dxe4 32. Nxe4 Nxe4+ 33. Qxe4 Bh4+ 34. Kg1 Rc7 35. Qe8+ Kf6 36. Rf8+ 1-0

[Event "Warsaw-chB 67th"]
[Site "Warsaw"]
[Date "2018.11.17"]
[Round "6"]
[White "Socko, Weronika"]
[Black "Radecki, Wojciech"]
[Result "1-0"]
[WhiteElo "1570"]
[BlackElo "1798"]
[PlyCount "211"]
[EventDate "2018.11.12"]
[EventType "swiss"]
[EventRounds "9"]
[EventCountry "POL"]
[SourceTitle "EXT 2020"]
[Source "ChessBase"]
[SourceDate "2019.10.17"]
[SourceVersion "1"]
[SourceVersionDate "2019.10.17"]
[SourceQuality "1"]

1. d4 d5 2. c4 e6 3. Nc3 Nf6 4. e3 b6 5. Nf3 Bb7 6. Be2 Be7 7. 0-0 0-0 8. a3 c5 9. dxc5 Bxc5 10. b4 Be7 11. cxd5 Nxd5 12. Nxd5 Qxd5 13. Bb2 Rd8 14. Qxd5 Bxd5 15. Rac1 Nd7 16. Bb5 Bf6 17. Bxf6 gxf6 18. Bc6 Bxc6 19. Rxc6 Rdc8 20. Rfc1 Rxc6 21. Rxc6 Kf8 22. Kf1 Ke8 23. Nd4 Ne5 24. Rc3 a5 25. b5 Kd7 26. f4 Ng6 27. Nc6 Nf8 28. Rd3+ Kc7 29. Rc3 Kd6 30. Nd4 Kd7 31. Rc6 Rb8 32. f5 e5 33. Nf3 Ke7 34. Nd2 Nd7 35. Ne4 Rd8 36. Ke2 h6 37. Nc3 Nc5 38. e4 Rd4 39. Nd5+ Kd8 40. Nxb6 Nxe4 41. Rc8+ Ke7 42. a4 Nd6 43. Rc7+ Ke8 44. Ra7 Nxf5 45. Rxa5 Re4+ 46. Kd3 Rd4+ 47. Ke2 Re4+ 48. Kd3 Rd4+ 49. Kc3 Nd6 50. Ra8+ Ke7 51. Ra7+ Ke6 52. Rc7 Rxa4 53. Rc6 Rd4 54. Nc8 f5 55. b6 Kd7 56. Rc7+ Kd8 57. Na7 Rd1 58. Nc6+ Ke8 59. Kc2 Rd5 60. Re7+ Kf8 61. Rxe5 Rxe5 62. Nxe5 Nb7 63. Kd3 Ke7 64. Kd4 Ke6 65. Nc4 h5 66. g3 f6 67. h4 Nd8 68. Na5 Kd6 69. b7 Ne6+ 70. Kc4 Kc7 71. Kd5 Nf8 72. Nc4 Kxb7 73. Nd6+ Kc7 74. Nxf5 Kd7 75. Ng7 Ke7 76. Nxh5 Kf7 77. Nf4 Nd7 78. Ke4 Ne5 79. Kf5 Nf3 80. h5 Nd4+ 81. Ke4 Nc6 82. Ng6 Nb4 83. Kf5 Nc6 84. g4 Nd4+ 85. Ke4 Ne6 86. Nf4 Nc5+ 87. Kf5 Nb3 88. Ne6 Na5 89. h6 Nc6 90. Nf4 Ne7+ 91. Ke4 Ng6 92. Nh5 Nh4 93. h7 Ng6 94. Kd5 Nh8 95. Nf4 Ke7 96. Ke4 Kf7 97. Kf5 Kg7 98. Ne6+ Kxh7 99. Kxf6 Ng6 100. Ng5+ Kh6 101. Nf7+ Kh7 102. g5 Nh4 103. Ne5 Kg8 104. Ng6 Ng2 105. Ne7+ Kf8 106. g6 1-0

[Event "Warsaw-chB 67th"]
[Site "Warsaw"]
[Date "2018.11.15"]
[Round "4"]
[White "Kwiek, Janusz"]
[Black "Socko, Weronika"]
[Result "1/2-1/2"]
[WhiteElo "1580"]
[BlackElo "1570"]
[PlyCount "110"]
[EventDate "2018.11.12"]
[EventType "swiss"]
[EventRounds "9"]
[EventCountry "POL"]
[SourceTitle "EXT 2020"]
[Source "ChessBase"]
[SourceDate "2019.10.17"]
[SourceVersion "1"]
[SourceVersionDate "2019.10.17"]
[SourceQuality "1"]

1. Nf3 d5 2. d4 e6 3. c4 Nf6 4. Nc3 Be7 5. Bg5 0-0 6. e3 c6 7. Bd3 dxc4 8. Bxc4 Nd5 9. Bxe7 Qxe7 10. Rc1 Nd7 11. 0-0 N5b6 12. Bd3 e5 13. dxe5 Nxe5 14. Nxe5 Qxe5 15. Qc2 h6 16. Rcd1 Be6 17. b3 Rad8 18. Rd2 Nd5 19. Nxd5 Rxd5 20. Rfd1 Rfd8 21. Bh7+ Kh8 22. Rxd5 Rxd5 23. Rxd5 Bxd5 24. Bd3 Qa1+ 25. Bf1 Qe5 26. Qc5 Qb8 27. f3 b6 28. Qe7 c5 29. Bc4 Bxc4 30. bxc4 Kg8 31. Kf2 a6 32. f4 Qc8 33. a4 Qf5 34. Kf3 Qh5+ 35. Kf2 Qf5 36. Kf3 Qh5+ 37. Kf2 Qg6 38. e4 Qc6 39. Qd8+ Kh7 40. Qd5 Qxa4 41. Qxf7 Qc2+ 42. Ke3 Qc1+ 43. Ke2 Qc2+ 44. Ke3 Qc3+ 45. Ke2 Qc2+ 46. Ke3 Qxg2 47. e5 Qg1+ 48. Kf3 Qd1+ 49. Ke3 Qd4+ 50. Kf3 Qd1+ 51. Ke3 Qg1+ 52. Kf3 Qd1+ 53. Ke3 Qe1+ 54. Kf3 Qh1+ 55. Ke3 Qe1+ 1/2-1/2

[Event "POL Olympiad U14 Girls"]
[Site "Spala"]
[Date "2014.12.30"]
[Round "4.7"]
[White "Wojcik, Jagoda"]
[Black "Socko, Weronika"]
[Result "0-1"]
[WhiteElo "1407"]
[BlackElo "1518"]
[PlyCount "62"]
[EventDate "2014.04.06"]
[EventType "swiss"]
[EventRounds "9"]
[EventCountry "POL"]
[SourceTitle "EXT 2023"]
[Source "ChessBase"]
[SourceDate "2022.10.05"]
[SourceVersion "1"]
[SourceVersionDate "2022.10.05"]
[SourceQuality "1"]

1. e4 c5 2. Nf3 Nc6 3. Bb5 d6 4. 0-0 Nf6 5. Re1 Bd7 6. c3 a6 7. Bf1 Bg4 8. h3 Bh5 9. d4 cxd4 10. cxd4 Bxf3 11. gxf3 e5 12. d5 Ne7 13. Nc3 Ng6 14. Be3 Be7 15. Qb3 b5 16. a4 bxa4 17. Qxa4+ Kf8 18. Qc6 Nd7 19. Bxa6 Rb8 20. Na4 Nh4 21. Reb1 Nxf3+ 22. Kf1 Nd4 23. Qc4 Nc5 24. Nxc5 dxc5 25. Bxd4 exd4 26. Ra4 Qd7 27. Kg2 g6 28. e5 Qf5 29. Re1 Rxb2 30. Ra2 Qxf2+ 31. Kh1 Qh2# 0-1

[Event "Lisbon Christmas op"]
[Site "Lisbon"]
[Date "2014.12.27"]
[Round "2"]
[White "Socko, Weronika"]
[Black "Gisbert Mir, Alejandro"]
[Result "1-0"]
[WhiteElo "1423"]
[BlackElo "1728"]
[PlyCount "81"]
[EventDate "2014.12.26"]
[EventType "swiss"]
[EventRounds "9"]
[EventCountry "POR"]
[SourceTitle "EXT 2018"]
[Source "ChessBase"]
[SourceDate "2017.10.13"]
[SourceVersion "1"]
[SourceVersionDate "2017.10.13"]
[SourceQuality "1"]

1. d4 Nf6 2. c4 e6 3. Nc3 Bb4 4. Qc2 0-0 5. Nf3 c5 6. e3 Nc6 7. dxc5 Bxc5 8. a3 a5 9. Bd3 h6 10. 0-0 d5 11. cxd5 exd5 12. h3 Be6 13. Ne2 Qb6 14. Bd2 Rac8 15. Bc3 Nd7 16. Qd2 Bd6 17. Ned4 Nxd4 18. Nxd4 a4 19. Ba5 Qa7 20. Nb5 Qb8 21. Nxd6 Qxd6 22. Bb4 Nc5 23. Bb5 Bxh3 24. gxh3 Qg6+ 25. Kh1 Ne4 26. Qe2 Rc2 27. Qf3 Rfc8 28. Bd3 Rxb2 29. Bxe4 dxe4 30. Qg4 Rc6 31. Qxg6 Rxg6 32. Rac1 Rg5 33. Rc4 Rh5 34. Kh2 Rf5 35. Rxe4 Rbxf2+ 36. Rxf2 Rxf2+ 37. Kg3 Rb2 38. Re8+ Kh7 39. Re7 Rb3 40. Kf3 Rb1 41. Rxb7 1-0

[Event "POL-chT U19 45th"]
[Site "Maslow Pierwszy"]
[Date "2014.07.28"]
[Round "4"]
[White "Grochot, Alicja"]
[Black "Socko, Weronika"]
[Result "1-0"]
[WhiteElo "1292"]
[BlackElo "1546"]
[PlyCount "67"]
[EventDate "2014.07.25"]
[EventType "team-tourn"]
[EventRounds "9"]
[EventCountry "POL"]
[SourceTitle "EXT 2015"]
[Source "ChessBase"]
[SourceDate "2014.11.20"]
[SourceVersion "1"]
[SourceVersionDate "2014.11.20"]
[SourceQuality "1"]
[WhiteTeam "Krakow KKSz U19"]
[BlackTeam "Warszawa Gulermak Polonia U19"]
[WhiteTeamCountry "POL"]
[BlackTeamCountry "POL"]

1. e4 e6 2. d3 d5 3. Nd2 c5 4. Ngf3 Nc6 5. g3 Nf6 6. Bg2 g6 7. 0-0 Bg7 8. Re1 0-0 9. c3 dxe4 10. dxe4 e5 11. Qe2 Be6 12. Nf1 Qc8 13. Ng5 Rd8 14. Nxe6 Qxe6 15. Bg5 Rac8 16. Ne3 h6 17. Bxf6 Bxf6 18. Ng4 h5 19. Ne3 Bg5 20. Nd5 Ne7 21. h4 Bh6 22. Kh2 Nxd5 23. exd5 Qb6 24. Qxe5 Qxb2 25. Rab1 Qxa2 26. Rxb7 Qc2 27. d6 Qa4 28. Qe7 Qa2 29. d7 Bf8 30. dxc8Q Rxc8 31. Qd7 Ra8 32. Re8 Rxe8 33. Qxe8 Qc4 34. Rb8 1-0

[Event "POL Olympiad U14"]
[Site "Walbrzych"]
[Date "2013.??.??"]
[Round "8.19"]
[White "Maciak, Gabriela"]
[Black "Socko, Weronika"]
[Result "1/2-1/2"]
[WhiteElo "1433"]
[BlackElo "1584"]
[PlyCount "81"]
[EventDate "2013.04.??"]
[EventType "team-swiss"]
[EventRounds "9"]
[EventCountry "POL"]
[SourceTitle "EXT 2014"]
[Source "ChessBase"]
[SourceDate "2013.11.20"]
[SourceVersion "1"]
[SourceVersionDate "2013.11.20"]
[SourceQuality "1"]

1. e4 c5 2. Nf3 Nc6 3. d4 cxd4 4. Nxd4 e5 5. Nb5 a6 6. Nd6+ Bxd6 7. Qxd6 Qe7 8. Qxe7+ Ngxe7 9. Bd3 0-0 10. 0-0 d5 11. f4 dxe4 12. Bxe4 f6 13. Nc3 Bf5 14. Be3 Bxe4 15. Nxe4 exf4 16. Bxf4 Nd4 17. c3 Ne2+ 18. Kh1 Nxf4 19. Rxf4 Ng6 20. Rf2 Rfe8 21. Nd6 Re7 22. Nf5 Rd7 23. Re1 Ne5 24. Rfe2 Rad8 25. Nd4 Rd6 26. Kg1 Rb6 27. Rd1 Nc4 28. b3 Ne5 29. Rde1 Rbd6 30. h3 b5 31. b4 g6 32. Re3 Rc8 33. Kf2 Rc7 34. Kf1 Kf7 35. Nb3 Nc4 36. R3e2 Ne5 37. Nc5 a5 38. Ne4 Ra6 39. bxa5 Rxa5 40. Rd1 Kg7 41. Rc1 1/2-1/2